000
00275nam a22001337a 4500
008
181101b xxu||||| |||| 00| 0 eng d
020
_a
9782831564166
041
_a
eng
080
_a
910
100
_a
42
101
_a
GJEO
245
_a
France
_c
Berlitz
942
_2
udc
_c
BK
999
_c
51484
_d
51484